| 000 -LEADER |
| fixed length control field |
00650cam a2200217 i 4500 |
| 003 - CONTROL NUMBER IDENTIFIER |
| control field |
OSt |
| 005 - DATE AND TIME OF LATEST TRANSACTION |
| control field |
20240711182657.0 |
| 008 - FIXED-LENGTH DATA ELEMENTS--GENERAL INFORMATION |
| fixed length control field |
180403s2017 vra 001 0 eng |
| 010 ## - LIBRARY OF CONGRESS CONTROL NUMBER |
| LC control number |
2017491721 |
| 020 ## - INTERNATIONAL STANDARD BOOK NUMBER |
| International Standard Book Number |
9781864706598 |
| 042 ## - AUTHENTICATION CODE |
| Authentication code |
pcc |
| 050 00 - LIBRARY OF CONGRESS CALL NUMBER |
| Classification number |
SB486.D46 |
| Item number |
P63 2017 |
| 082 ## - DEWEY DECIMAL CLASSIFICATION NUMBER |
| Classification number |
712 |
| 245 00 - TITLE STATEMENT |
| Title |
Pocket park design : |
| Remainder of title |
solutions for the regeneration of public space in high-density cities / |
| Statement of responsibility, etc |
edited by Angus Bruce. |
| 300 ## - PHYSICAL DESCRIPTION |
| Extent |
191 pages ; |
| Dimensions |
30 cm |
| 500 ## - GENERAL NOTE |
| General note |
Includes index. |
| 650 #0 - SUBJECT ADDED ENTRY--TOPICAL TERM |
| Topical term or geographic name as entry element |
Urban parks |
| General subdivision |
Designs and plans. |
| 650 #0 - SUBJECT ADDED ENTRY--TOPICAL TERM |
| Topical term or geographic name as entry element |
City planning |
| General subdivision |
Environmental aspects. |
| 700 1# - ADDED ENTRY--PERSONAL NAME |
| Personal name |
Bruce, Angus, |
| Relator term |
editor. |
| 942 ## - ADDED ENTRY ELEMENTS (KOHA) |
| Source of classification or shelving scheme |
|